[Event "GER-chT U14 Girls"]
[Site "Neumuenster"]
[Date "2017.12.27"]
[Round "2.3"]
[White "Roell, Laura"]
[Black "Chung, Dana"]
[Result "0-1"]
[WhiteElo "1006"]
[BlackElo "1282"]
[PlyCount "82"]
[EventDate "2017.12.26"]
[EventType "team-swiss"]
[EventRounds "7"]
[EventCountry "GER"]
[SourceTitle "CBM 182 Extra"]
[Source "ChessBase"]
[SourceDate "2018.02.23"]
[SourceVersion "1"]
[SourceVersionDate "2018.02.23"]
[SourceQuality "1"]
[WhiteTeam "Vaterstetten"]
[BlackTeam "Karlsruhe SF"]
[WhiteTeamCountry "GER"]
[BlackTeamCountry "GER"]

1. e4 c6 2. d4 d5 3. Nc3 dxe4 4. Nxe4 Bf5 5. Nc3 Nf6 6. Nf3 Nbd7 7. Bc4 e6 8. Bf4 Bb4 9. 0-0 0-0 10. Ne5 Nxe5 11. dxe5 Qxd1 12. Raxd1 Nd5 13. Bxd5 cxd5 14. Ne2 Bxc2 15. Rc1 Bd3 16. f3 Bxe2 17. Rfe1 Bxe1 18. Rxe1 Bc4 19. a3 Rfc8 20. b4 a5 21. Be3 axb4 22. axb4 Ra3 23. Bd2 Bb5 24. Kf2 Rc2 25. Rd1 Rb3 26. Ra1 Rxd2+ 27. Kg3 f6 28. exf6 gxf6 29. Rc1 Rxb4 30. Rc8+ Kg7 31. Rc7+ Kg6 32. Rxb7 d4 33. Rb8 d3 34. Rg8+ Kf7 35. Rg4 Rxg4+ 36. Kxg4 Rxg2+ 37. Kh3 Rg1 38. f4 d2 39. f5 d1Q 40. fxe6+ Kxe6 41. Kh4 Qg4# 0-1

[Event "GER-chT U14 Girls"]
[Site "Neumuenster"]
[Date "2017.12.27"]
[Round "1.3"]
[White "Schneider, Anna"]
[Black "Roell, Laura"]
[Result "1-0"]
[WhiteElo "1388"]
[BlackElo "1006"]
[PlyCount "65"]
[EventDate "2017.12.26"]
[EventType "team-swiss"]
[EventRounds "7"]
[EventCountry "GER"]
[SourceTitle "CBM 182 Extra"]
[Source "ChessBase"]
[SourceDate "2018.02.23"]
[SourceVersion "1"]
[SourceVersionDate "2018.02.23"]
[SourceQuality "1"]
[WhiteTeam "Sasbach"]
[BlackTeam "Vaterstetten"]
[WhiteTeamCountry "GER"]
[BlackTeamCountry "GER"]

1. e4 e5 2. Nf3 Nc6 3. d4 exd4 4. Bc4 Bc5 5. c3 dxc3 6. Bxf7+ Kxf7 7. Qd5+ Ke8 8. Qh5+ g6 9. Qxc5 d6 10. Qxc3 Nf6 11. Bg5 Rf8 12. Nbd2 Be6 13. 0-0 Qe7 14. Rfe1 Ne5 15. Nxe5 dxe5 16. Qxe5 Rd8 17. Nf3 Rd7 18. b3 Qf7 19. Red1 Ng4 20. Qb5 c6 21. Rxd7 Qxd7 22. Qb4 Rf7 23. h3 Qc7 24. hxg4 Bxg4 25. Rd1 Bd7 26. Qd4 a6 27. Qh8+ Rf8 28. Qxh7 Rf7 29. Qxg6 Kf8 30. Qd6+ Qxd6 31. Rxd6 Bg4 32. Ne5 Rg7 33. Rd8# 1-0